000 00513nam a2200121Ia 4500
008 220615s9999||||xx |||||||||||||| ||und||
100 _aTichavakunda, Antar A.
245 0 _aBlack Campus Life
_bThe Worlds Black Students Make at a Historically White Institution
546 _aEnglish[eng]
650 _aEthnic studies||Social & cultural history||Educational administration & organization||Student life||Education
856 _uhttps://library.oapen.org/bitstream/20.500.12657/52181/1/9781438485928.epub
942 _cEB
999 _c8725
_d8725